Central Library OPAC University of Rajshahi

Theory of functions of a complex variable / (Record no. 51385)

MARC details
000 -LEADER
fixed length control field 00861nam a2200253 a 4500
001 - CONTROL NUMBER
control field 51385
003 - CONTROL NUMBER IDENTIFIER
rucl marc code BD-RjUL
005 - DATE AND TIME OF LATEST TRANSACTION
control field 20211209075642.0
008 - FIXED-LENGTH DATA ELEMENTS--GENERAL INFORMATION
fixed length control field 160830s1960 nyua b 001 0 eng
035 ## - SYSTEM CONTROL NUMBER
System control number (BD-RjUL)51505
040 ## - CATALOGING SOURCE
Original cataloging agency BD-RjUL
Language of cataloging eng
Transcribing agency BD-RjUL
Modifying agency BD-RjUL
041 1# - LANGUAGE CODE
Language code of text/sound track or separate title eng
Language code of original ger
082 ## - DEWEY DECIMAL CLASSIFICATION NUMBER
Edition number 23
Classification number 515
Author mark and year CAT 1960
100 1# - MAIN ENTRY--PERSONAL NAME
Personal name Carathéodory, Constantin,
Dates associated with a name 1873-1950.
9 (RLIN) 153698
245 10 - TITLE STATEMENT
Title Theory of functions of a complex variable /
Statement of responsibility, etc. by C. Caratheodory ; translated by F. Steinhardt.
250 ## - EDITION STATEMENT
Edition statement 2nd English ed.
260 ## - PUBLICATION, DISTRIBUTION, ETC. (IMPRINT)
Place of publication, distribution, etc. New York :
Name of publisher, distributor, etc. Chelsea Publishing Company,
Date of publication, distribution, etc. c1960.
300 ## - PHYSICAL DESCRIPTION
Pagination 2 v. :
Illustrations ill. ;
Size 24 cm.
504 ## - BIBLIOGRAPHY, ETC. NOTE
Bibliography, etc Includes bibliographical references and indexes.
505 ## - FORMATTED CONTENTS NOTE
Formatted contents note Vol. 1 -- V. 2 --
650 #0 - SUBJECT ADDED ENTRY--TOPICAL TERM
Topical term or geographic name as entry element Functions of complex variables
General subdivision Theory.
9 (RLIN) 153699
700 1# - ADDED ENTRY--PERSONAL NAME
Personal name Steinhardt, F., Translator
942 ## - ADDED ENTRY ELEMENTS (KOHA)
Source of classification or shelving scheme Dewey Decimal Classification
Koha item type Books
Holdings
Lost status Source of classification or shelving scheme Damaged status Not for loan Collection code Permanent Location Current Location Shelving location Date acquired Source of acquisition Cost, normal purchase price Total Checkouts Full call number Date last seen Date checked out Copy number Koha item type
  Dewey Decimal Classification     Non-fiction Central Library, University of Rajshahi Central Library, University of Rajshahi   09/03/1963 Zeitlinger 35.00 2 515 CAT V-2 1960 23/06/2019 05/05/2019 C-2 Books
  Dewey Decimal Classification   Not For Loan Non-fiction Central Library, University of Rajshahi Central Library, University of Rajshahi Reading Room 09/03/1963 Zeitlinger 35.00   515 CAT V-1 1958 15/04/2017   C-1 Books